Preverovanie a hodnotenie žiackých výkonov na stredných školách

Enregistré dans:
Détails bibliographiques
Auteur principal: Miklošovič, Lukáš, 1985- (Auteur)
Autres auteurs: Tináková, Katarína, 1952- (Directeur de thèse)
Format: Manuscrit Livre
Langue:slovaque
Publié: STU v Bratislave MTF UIPH, 2010
Sujets:
Accès en ligne:VAIS
Tags: Ajouter un tag
Pas de tags, Soyez le premier à ajouter un tag!

MARC

LEADER 00000ntm a22000003a 4500
001 stu206315
005 20160719160244.3
008 100702s2010------------------------slo-d
040 |a STU  |b slo 
041 0 |a slo 
100 1 |a Miklošovič, Lukáš,  |d 1985-  |4 aut  |X 24632  |7 A000024632 
242 0 0 |a Screening and evaluation at secondary schools   |y eng 
242 0 0 |a Preverovanie a hodnotenie na stredných školách  |y slo 
245 1 |a Preverovanie a hodnotenie žiackých výkonov na stredných školách 
260 |b STU v Bratislave MTF UIPH,  |c 2010 
650 7 |a classification  |2 estusub 
650 7 |a hodnotenie  |2 stusub 
650 7 |a klasifikácia  |2 stusub 
700 1 |a Tináková, Katarína,  |d 1952-  |4 ths  |u M220  |U MTF Ústav inžinierskej pedagogiky a humatitných vied  |T MTF Katedra inžinierskej pedagogiky a psychológie  |X 4180  |U M220  |Y M220  |7 A000004180 
856 4 |a info a plný text  |u http://is.stuba.sk/zp/portal_zp.pl?podrobnosti=58665  |3 VAIS 
996 |c M*DP-9625  |l MMSKP  |s P  |a 0  |w stu206315_0001